000 00445nam a2200169Ia 4500
008 180207s9999 xx 000 0 und d
020 _a9788184850529
050 _bP424 2009
245 _aPepper watches too much TV :
245 _bteaching children values /
260 _aManila, Philippines :
260 _bWS Pacific Publications, Inc.,
260 _c2009
300 _aunpaged :
300 _bcolor illustration ;
300 _c28cm.
999 _c355537
_d355537